Most Common Pets - Statistics

General Stats
  • This quiz has been taken 91 times
  • The average score is 6 of 7
Answer Stats
Hint Answer % Correct
47 million cat
100%
65 million dog
100%
13 million fish
92%
7 million rodent
92%
6 million bird
87%
6 million reptile
70%
2 million horse
55%
No matching quizzes found
Score Distribution
Percent of People with Each Score
Percentile by Number Answered
Your Score History
You have not taken this quiz